<?xml version="1.0" encoding="UTF-8"?>
<collection xmlns="http://www.loc.gov/MARC21/slim">
<record>
  <controlfield tag="001">7052</controlfield>
  <controlfield tag="005">20130405040510.0</controlfield>
  <datafield tag="856" ind1="0" ind2=" ">
    <subfield code="f">vacahc@gmail.com</subfield>
  </datafield>
  <datafield tag="300" ind1=" " ind2=" ">
    <subfield code="a">16:23</subfield>
    <subfield code="b">720x480 4/3, 29.97</subfield>
    <subfield code="c">Vhc-SpanishPrunersStrike1932_munoz_mike287</subfield>
    <subfield code="d">Vhc-SpanishPrunersStrike1932_munoz_mike172</subfield>
    <subfield code="e">Vhc-SpanishPrunersStrike1932_munoz_mike129</subfield>
    <subfield code="g">3739342</subfield>
  </datafield>
  <datafield tag="980" ind1=" " ind2=" ">
    <subfield code="a">84649638256</subfield>
  </datafield>
  <datafield tag="038" ind1=" " ind2=" ">
    <subfield code="a">3739342</subfield>
  </datafield>
  <datafield tag="245" ind1=" " ind2=" ">
    <subfield code="a">Spanish Pruners Strike 1932</subfield>
  </datafield>
  <datafield tag="260" ind1=" " ind2=" ">
    <subfield code="c">2008</subfield>
  </datafield>
  <datafield tag="340" ind1=" " ind2=" ">
    <subfield code="a">DVD</subfield>
  </datafield>
  <datafield tag="650" ind1="1" ind2="7">
    <subfield code="2">CaVaHC</subfield>
    <subfield code="a">Multimedia/Videos</subfield>
  </datafield>
  <datafield tag="520" ind1=" " ind2=" ">
    <subfield code="a">From 1911 to 1913, eight thousand Spanish families immigrated from Spain to the Hawaiian Islands. Promises of land and education were broken, nearly all continued to California, many would find their way to the fields and orchards of the San Joaquin Valley. In 1932 they went on strike. With the help of the IWW they took on the establishment, riots, beatings, lynching and the courts finally stopped them in California's first labor dispute in the fields. This would be the beginnings of the United Farm Workers Union.</subfield>
  </datafield>
  <datafield tag="100" ind1=" " ind2=" ">
    <subfield code="a">Munoz, Michael</subfield>
  </datafield>
  <datafield tag="036" ind1=" " ind2=" ">
    <subfield code="a">SpanishPrunersStrike1932</subfield>
  </datafield>
  <datafield tag="041" ind1=" " ind2=" ">
    <subfield code="a">eng</subfield>
  </datafield>
</record>
</collection>